000 00962nam a22003137a 4500
003 CHAP
005 20220817040817.0
008 971013s1989 r 00010 d
010 _a687
011 _a1659
035 _a835
040 _cCHAP
082 _a635.095
_bI5
110 _aInternational Crops Research Institute for the Semi-Arid Tropics
245 _aLinking grain legumes research in Asia
260 _aPatancheru :
_bICRISA,
_c1989
300 _a106 p.
500 _a37-161
590 _aBATCH-UPD
_b10
_c20130110
_lUCH01
_h0127
590 _aBATCH-UPD
_b10
_c20130110
_lUCH01
_h1910
590 _aBATCH-UPD
_b10
_c20130409
_lUCH01
_h2121
590 _aBATCH-UPD
_b10
_c20130914
_lUCH01
_h1622
590 _aCONVERSION
_b10
_c20130109
_lUCH01
_h1302
650 1 4 _aHorticultura
_xInvestigación.
_956343
650 1 4 _aLegumbres
_xAsia.
_965684
901 _aBK
942 _cLIBRO
949 _a635.095 I5
_bBC
_cLIBRO
_d33724000250999
_eLIBRO
_h77012
_i835
_si
999 _c687
_d687